Click the CunninLynguists Song Title Ending - Statistics

General Stats
  • This quiz has been taken 12 times
    6 since last reset
  • The average score is 16 of 20
Answer Stats
Hint Answer % Correct
Where Will You Be?
100%
Brain Cell
100%
Missing Children
100%
What'll You Do?
100%
Shattered Dreams
100%
America Loves Gangsters
100%
Urutora Kaiju
100%
Remember Me
100%
Mic Like a Memory
100%
Since When
100%
Beautiful Girl
75%
Caved In
75%
Takin' The Loss
75%
Thugged Out Since Cub Scouts
75%
Never Know Why
75%
The Gates
50%
Nothing To Give
50%
Dirty Acres
25%
Kno's Diggin
25%
616 Rewind
25%
No matching quizzes found
Score Distribution
Percent of People with Each Score
Percentile by Number Answered
Your Score History
You have not taken this quiz since the last reset